000 00325 a2200157 4500
001 59597
020 _a9783468497476
040 _cAnchieta - Pituba
100 _aLeo
240 1 0 _aSchwere kost
_lpor
245 1 0 _aSchwere kost
300 _a64
362 0 _a2008
650 4 _aLiteratura juvenil em alemão
942 _cBK
999 _c59597
_d59597